Historia social del cristianismo primitivo : la sociología y el Nuevo Testamento /

Guardado en:
Bibliografiske detaljer
Hovedforfatter: Holmberg, Bengt (autor)
Format: Bog
Sprog:spansk
Udgivet: Córdoba, España : El Almendro, 1995, c1995
Serier:(Orígenes del Cristianismo ; 6)
Fag:
Tags: Tilføj Tag
Ingen Tags, Vær først til at tagge denne postø!

MARC

LEADER 00000nam^a2200000^a^4500
001 000054615
005 20250521000000.0
009 20260310090517.709
020 |a 84-8005-021-7 
037 |a Acervo ITESO - Biblioteca 
041 |a ESP 
082 |a 220. 67  |b HOL 
100 |a Holmberg, Bengt  |e (autor) 
245 1 0 |a Historia social del cristianismo primitivo :  |b la sociología y el Nuevo Testamento /  |c B. Holmberg ; tr. por Jesús Valiente Malla. 
264 4 |a Córdoba, España :  |b El Almendro,  |c 1995, c1995 
300 |a 220 p. 
336 |a texto  |b txt  |2 rdacontenido 
337 |a sin mediación  |b n  |2 rdamedio 
338 |a volumen  |b nc  |2 rdasoporte 
440 1 |a (Orígenes del Cristianismo ;  |v 6) 
649 |a XX 
650 |a Biblia -  |x Nuevo Testamento -  |x Historia y Crítica 
650 |a Sociología de la Religión 
650 |a Cristianismo 
650 |a Religión 
910 |a Fondo General 
920 |a Impresos - Libros 
930 |a Colección General 
905 |a 101 
901 |a 0500013177  |b IT1  |c ACC  |u 20250521 
902 |a https://opac.biblio.iteso.mx/vufind/Record/000054615